Sports Quiz

Random Sports or Color Quiz
Score 0/289 Timer 03:00
12 Plays Today
% Correct
96.1%
95.9%
95.8%
95.7%
95.7%
95.5%
95.4%
95.4%
95.4%
95.4%
95.3%
95.3%
95.2%
95.2%
95.2%
95.2%
95.2%
95.1%
95.1%
95.1%
95.1%
95%
95%
95%
95%
95%
95%
95%
94.9%
94.9%
94.9%
94.8%
94.8%
94.7%
94.6%
94.6%
94.6%
94.6%
94.5%
94.5%
94.5%
94.4%
94.4%
94.4%
94.3%
94.3%
94.3%
94.3%
94.2%
94.1%
94.1%
94%
94%
94%
93.9%
93.9%
93.9%
93.9%
93.8%
93.8%
93.8%
93.8%
93.7%
93.7%
93.6%
93.6%
93.6%
93.6%
93.6%
93.6%
93.5%
93.5%
93.5%
93.5%
93.5%
93.5%
New England
Patriots
93.4%
93.3%
93.3%
93.3%
93.3%
93.3%
93.3%
93.3%
93.2%
93.2%
93.1%
93.1%
93.1%
93.1%
93.1%
93.1%
93.1%
93%
93%
93%
93%
% Correct
93%
93%
93%
92.9%
92.9%
92.9%
92.9%
92.9%
92.9%
92.9%
92.9%
92.8%
92.8%
92.8%
92.8%
92.8%
92.7%
92.7%
92.7%
92.6%
92.6%
92.6%
92.6%
92.6%
92.6%
92.5%
92.5%
92.5%
92.5%
92.5%
92.5%
92.5%
92.5%
92.5%
92.4%
92.4%
92.4%
92.4%
92.4%
92.3%
Arizona
Cardinals
92.3%
92.3%
92.3%
92.3%
92.3%
92.3%
92.3%
92.3%
92.3%
92.3%
92.3%
92.3%
92.2%
92.2%
92.2%
92.2%
92.2%
92.1%
92.1%
92.1%
92.1%
92.1%
92.1%
92.1%
92.1%
92.1%
92%
92%
92%
91.9%
91.9%
91.9%
91.9%
91.9%
91.9%
91.9%
91.8%
91.8%
91.8%
91.8%
91.8%
91.8%
91.7%
91.7%
91.6%
91.6%
91.6%
91.6%
91.5%
91.5%
91.5%
91.4%
91.4%
91.4%
91.4%
91.4%
91.4%
% Correct
91.3%
91.3%
91.3%
91.3%
91.2%
91.2%
91.2%
91.2%
91.2%
91.1%
91.1%
91.1%
91.1%
91.1%
91%
91%
91%
91%
91%
90.9%
90.9%
90.8%
90.8%
90.8%
90.7%
90.7%
90.7%
New York
Giants
90.7%
90.7%
90.6%
90.4%
90.4%
90.4%
90.4%
90.4%
90.3%
90.3%
90.3%
90.2%
New York
Jets
90.2%
90.2%
90.2%
Pittsburgh
Steelers
90.2%
90.1%
90.1%
90.1%
90.1%
90.1%
90%
90%
90%
90%
90%
89.7%
Dallas
Cowboys
89.6%
89.6%
89.5%
89.5%
Miami
Dolphins
89.4%
Green Bay
Packers
89.4%
Cleveland
Browns
89.4%
89.3%
89.2%
89.1%
89.1%
88.9%
88.9%
88.9%
Los Angeles
Rams
88.8%
Philadelphia
Eagles
88.7%
Seattle
Seahawks
88.6%
San Francisco
49ers
87.9%
Chicago
Bears
87.8%
Las Vegas
Raiders
87.5%
Cincinnati
Bengals
87.4%
Washington
Redskins
87.4%
Detroit
Lions
87.3%
Minnesota
Vikings
87.2%
Baltimore
Ravens
86.9%
Atlanta
Falcons
86.5%
Houston
Texans
86.4%
Los Angeles
Chargers
86.3%
Buffalo
Bills
86.2%
New Orleans
Saints
86.1%
Denver
Broncos
85.8%
Kansas City
Chiefs
85.8%
85.5%
Carolina
Panthers
85.5%
Indianapolis
Colts
85%
Tennessee
Titans
85%
Jacksonville
Jaguars
84.7%
84.3%
84.3%
Tampa Bay
Buccaneers
84.3%
Team Helmet: Arizona Cardinals
63.1%
Remove Ads.
Support Sporcle.
Get the best of Sporcle when you Go Orange. This ad-free experience offers more features, more stats, and more fun while also helping to support Sporcle. Thank you for becoming a member.

You're not logged in!

Compare scores with friends on all Sporcle quizzes.
OR
Log In

Sporcle TV

Today on Sporcle TV


Watch our educational content, quiz creation guides, and fun videos on Sporcle TV.

Show Comments

Extras

Top Quizzes Today


Score Distribution

Paid Content

Your Account Isn't Verified!

In order to create a playlist on Sporcle, you need to verify the email address you used during registration. Go to your Sporcle Settings to finish the process.

Report this User

Report this user for behavior that violates our Community Guidelines.

Details: